[Event "AUTO-INT-831"]
[Site "http://www.queenalice.com/game.php?id=370851"]
[Date "2008.3.14"]
[Round "1"]
[White "rycaom"]
[Black "SGF"]
[Result "0-1"]
[WhiteElo "1279"]
[BlackElo "1660"]

1. e4 e5 2. Nf3 d6 3. d4 Bg4 4. dxe5 dxe5 5. Qxd8+ Kxd8 6. Nxe5 Be6 7. Nc3 c6 8.
Bg5+ f6 9. O-O-O+ Kc7 10. f4 fxe5 11. fxe5 Nd7 12. Bf4 Nc5 13. b4 Na6 14. a3 Bg4
15. e6+ Kc8 16. b5 Bxa3+ 17. Kd2 Bxd1 18. Kxd1 cxb5 19. Nxb5 Bc5 20. g3 Nf6 21.
Bh3 Kd8 22. Bc7+ Nxc7 23. Nxc7 Kxc7 24. e5 Rad8+ 25. Ke2 Ne4 26. Kf3 Ng5+ 27.
Kf4 h6 28. Bg4 Rd4+ 29. Kf5 Rg8 30. Kg6 Rxg4 31. Rg1 Bxg1 32. e7 Kd7 33. e8=Q+
Kxe8 0-1

[Event "AUTO-INT-831"]
[Site "http://www.queenalice.com/game.php?id=370852"]
[Date "2008.3.14"]
[Round "1"]
[White "SGF"]
[Black "rycaom"]
[Result "1-0"]
[WhiteElo "1597"]
[BlackElo "1333"]

1. e4 d5 2. e5 Nc6 3. Bb5 d4 4. Nf3 e6 5. Qe2 a6 6. Bxc6+ bxc6 7. Qc4 c5 8. b4
a5 9. bxc5 Ba6 10. Qxd4 g5 11. Ba3 Bh6 12. Qxd8+ Kxd8 13. Bb2 Ne7 14. d3 Rb8 15.
Bc3 Rb5 16. d4 Nd5 17. g4 Nf4 18. Na3 Ng2+ 19. Kd1 Rb7 20. Bxa5 Nf4 21. c6 Rb2
22. Kd2 Ke7 23. Bxc7 Bf8 24. Rhb1 Rxb1 25. Rxb1 Bg7 26. Nxg5 Bh6 27. Bd6+ Ke8
28. Rb8+ Bc8 29. Rxc8# 1-0

[Event "AUTO-BEG-196"]
[Site "http://www.queenalice.com/game.php?id=371488"]
[Date "2008.3.15"]
[Round "1"]
[White "RicardoMate"]
[Black "rycaom"]
[Result "1-0"]
[WhiteElo "1395"]
[BlackElo "1316"]

1. e4 e5 2. Nf3 Nc6 3. Nc3 Nf6 4. Bb5 a6 5. Bxc6 bxc6 6. Nxe5 Bd6 7. d4 O-O 8.
Nf3 c5 9. O-O h5 10. e5 Bxe5 11. dxe5 Ng4 12. Bg5 Qe8 13. Nd5 f6 14. exf6 gxf6
15. Bf4 d6 16. Nxc7 Qc6 17. Nxa8 Qxa8 18. Bxd6 Rd8 19. Qd3 c4 20. Qg6+ Kh8 21.
Qxh5+ Kg7 22. h3 Nh6 23. Rad1 f5 24. Be5+ 1-0

[Event "AUTO-BEG-196"]
[Site "http://www.queenalice.com/game.php?id=371489"]
[Date "2008.3.15"]
[Round "1"]
[White "rycaom"]
[Black "RicardoMate"]
[Result "0-1"]
[WhiteElo "1303"]
[BlackElo "1408"]

1. e4 e5 2. Bc4 Nc6 3. Qf3 Qf6 4. Qh5 Nd4 5. Kd1 g6 6. Qg4 Qxf2 7. Nc3 d6 8. Qg3
Qxg3 9. hxg3 Bg4+ 10. Be2 Bxe2+ 11. Ncxe2 Nxe2 12. Nxe2 Bg7 13. c3 Nf6 14. d4
Nxe4 15. g4 O-O 16. d5 c6 17. g5 cxd5 18. b4 d4 19. cxd4 exd4 20. Rh4 d3 21. Nf4
Bxa1 22. g3 Nxg3 23. b5 Nf5 24. Rg4 Rfe8 0-1

[Event "AUTO-BEG-196"]
[Site "http://www.queenalice.com/game.php?id=371498"]
[Date "2008.3.15"]
[Round "1"]
[White "rycaom"]
[Black "quena"]
[Result "0-1"]
[WhiteElo "1272"]
[BlackElo "1407"]

1. e4 Nc6 2. d4 d6 3. Be3 Nf6 4. d5 Ne5 5. Bb5+ Bd7 6. a4 c6 7. f4 Neg4 8. Qd3
cxd5 9. Nc3 dxe4 10. Nxe4 Nxe3 11. Qxe3 Qa5+ 12. c3 Bxb5 13. axb5 Qxa1+ 14. Kf2
Qxb2+ 15. Nd2 Nd5 16. Qe2 Nxc3 17. Nc4 Nxe2 18. Nxb2 Nxg1 19. Rxg1 e5 20. Re1
Be7 21. fxe5 d5 22. e6 f6 23. g4 d4 24. Nc4 Rc8 25. Na5 O-O 26. Nxb7 f5 27. g5
Bxg5 28. Nd6 Rc5 29. Rg1 Be3+ 30. Kf1 Bxg1 31. Kxg1 d3 0-1

[Event "AUTO-BEG-196"]
[Site "http://www.queenalice.com/game.php?id=371499"]
[Date "2008.3.15"]
[Round "1"]
[White "quena"]
[Black "rycaom"]
[Result "0-1"]
[WhiteElo "1419"]
[BlackElo "1336"]

1. e4 e5 2. Nf3 d5 3. Nc3 f6 4. exd5 Nh6 5. d4 Nf5 6. Bd2 e4 7. Nxe4 Qxd5 8. Bd3
Nxd4 9. O-O f5 10. Neg5 h6 11. Nh3 Qe6 12. Nxd4 Qe5 13. Bc3 Bd6 14. Nxf5 Bxf5
15. f4 Qd5 16. Bxg7 Rh7 17. Bf6 Be7 18. Re1 Nd7 19. Bxe7 Rg7 20. Bxf5 Qxg2# 0-1

[Event "Let's Play Chess!"]
[Site "http://www.queenalice.com/game.php?id=638372"]
[Date "2009.8.18"]
[Round "-"]
[White "spin"]
[Black "rycaom"]
[Result "1-0"]
[WhiteElo "1675"]
[BlackElo "1313"]

1. g3 e6 2. Bg2 c6 3. Nf3 g5 4. d4 g4 5. Ne5 f6 6. Nxg4 f5 7. Ne5 Nh6 8. O-O Qf6
9. h3 d6 10. Nc4 d5 11. Ne5 1-0

[Event "AUTO-BEG-335"]
[Site "http://www.queenalice.com/game.php?id=639649"]
[Date "2009.8.20"]
[Round "1"]
[White "rycaom"]
[Black "maurice91"]
[Result "0-1"]
[WhiteElo "1231"]
[BlackElo "1479"]

1. e3 d6 2. Nc3 Nd7 3. Bc4 Ngf6 4. g4 e6 5. g5 Ng8 6. Qf3 Qxg5 7. Nh3 Qf6 8. Qf4
Ne5 9. Bb5+ c6 10. Ba4 Be7 11. d4 Qxf4 12. exf4 Ng6 13. d5 Bd7 14. O-O exd5 15.
Re1 Bxh3 0-1

[Event "AUTO-BEG-335"]
[Site "http://www.queenalice.com/game.php?id=639650"]
[Date "2009.8.20"]
[Round "1"]
[White "maurice91"]
[Black "rycaom"]
[Result "1-0"]
[WhiteElo "1437"]
[BlackElo "1239"]

1. Nf3 b5 2. e4 d5 3. exd5 Qxd5 4. Nc3 Qe6+ 5. Qe2 Qd7 6. Nxb5 c6 7. Nc3 Nf6 8.
d4 a5 9. g3 e6 10. Bg2 c5 11. Be3 h5 12. dxc5 Qc7 13. Rb1 Ba6 14. Qd2 Bxc5 15.
Ng5 O-O 16. Bxa8 1-0